00971nas a2200265 i 4500001001000000003000900010005001700019007000300036008004100039040003000080041000800110043000900118110003800127245003900165246002700204264008700231300005400318310001600372336002700388337003400415338003000449362004500479500008400524650009700608000037118DO-SdBNP20260203150422.0ta120216c2005 dr qr1p|dd || |0spa d aDO-SdBNPbspacBNPHUerda hspa anwdr aSeguro Nacional de Salud (SENASA)00aSeguro Nacional de Salud (SENASA). aBoletín informativo. aSanto Domingo, República Dominicana :bSeguro Nacional de Salud (Senasa),c2005. avolumen :bilustraciones, fotografías ;c28 cm. aTrimestral. atextobtxt2rdacontent asin mediación bn2rdamedia avolumen bnc 2rdacarrier1 aAño 1. no. 3 (octubre-diciembre 2005). aCatalogación basada en el ejemplar: Año 1. No. 3 (octubre-diciembre 2005).  0aSeguros de saludxBoletín informativovPublicaciones periódicas zRepública Dominicana